00000000nam##2200000za#4500
0019.604021
003CaOODSP
00520260128153020
007cr |||||||||||
008150406|1995||||xxc|||||o    f|0| 0 fre|d
022 |a1488-545X
040 |aCaOODSP|bfre
043 |an-cn---
0861 |aFs97-6/2061F-PDF
1102 |aInstitut Maurice-Lamontagne.
24510|aSynthèse des travaux réalisés entre 1986 et 1994 sur le captage du naissain de pétoncles au Îles-de-la-Madeleine / |h[ressource électronique]|c[par] M. Giguère, G. Cliche et S. Brulotte.
260 |aMont-Joli - Québec : |bPêches et Océans Canada. |cc1995.
300 |a86p.|bfigures, graphiques, cartes, références, tableaux
4901 |aRapport technique canadien des sciences halieutiques et aquatiques|x1488-545X|vN° 2061
500 |aLe n° de catalogue (Fs97-6/2061F) et l'ISSN (0706-6570) de l'édition imprimée ont été incorrectement copiés dans l'édition électronique.
546 |a(Abstract in English)
590 |a12-23-Supp|b2012-05-28
7201 |aGiguère, M.
7201 |aBrulotte, S.
7201 |aCliche, G.
7760#|tSynthèse des travaux réalisés entre 1986 et 1994 sur le captage du Naissain des pétoncles aux Îles-de-la-Madeleine / |w(CaOODSP)9.623543
830#0|aRapport technique canadien des sciences halieutiques et aquatiques,|x1488-545X|vN° 2061|w(CaOODSP)9.500867
85640|ahttp://publications.gc.ca|qPDF|s3.28 Mo|uhttps://publications.gc.ca/collections/collection_2012/mpo-dfo/Fs97-6-2061-fra.pdf|yN° 2061